Các quá trình thiết bị trong công nghiệp hóa chất và thực phẩm :

Đã lưu trong:
书目详细资料
主要作者: Nguyễn Văn Lục
格式: 图书
语言:Undetermined
出版: Tp. HCM Trường Đại học Kỹ Thuật
主题:
标签: 添加标签
没有标签, 成为第一个标记此记录!
Thư viện lưu trữ: Trung tâm Học liệu Trường Đại học Cần Thơ
LEADER 00675nam a2200181Ia 4500
001 CTU_29814
008 210402s9999 xx 000 0 und d
020 |b 23.000đ 
082 |a 681.754 
082 |b L501 
100 |a Nguyễn Văn Lục 
245 0 |a Các quá trình thiết bị trong công nghiệp hóa chất và thực phẩm : 
245 0 |c Nguyễn Văn Lục 
260 |a Tp. HCM 
260 |b Trường Đại học Kỹ Thuật 
650 |a chemical apparatus,chemical engineering - equipment and supplies,scientific apparatus and instruments 
904 |i Minh, 990423 
980 |a Trung tâm Học liệu Trường Đại học Cần Thơ